Library of the University of Algiers 3
Ibrahim Sultan Cheibout
شعار جامعة الجزائر 3
مكتبة جامعة الجزائر 3
إبراهيم سلطان شيبوط

الاقتصاد الاسلامي علم ام وهم؟ / (رقم التسجيلة. 42894)

تفاصيل مارك
000 -LEADER
fixed length control field 01816nam a2200217Ia 4500
003 - CONTROL NUMBER IDENTIFIER
control field Ost
005 - DATE AND TIME OF LATEST TRANSACTION
control field 20260507075110.0
008 - FIXED-LENGTH DATA ELEMENTS--GENERAL INFORMATION
fixed length control field 260507s9999||||xx |||||||||||||| ||und||
040 ## - CATALOGING SOURCE
Transcribing agency fsecg
041 ## - LANGUAGE CODE
Language code of text/sound track or separate title ara
082 ## - DEWEY DECIMAL CLASSIFICATION NUMBER
Classification number 330
100 ## - MAIN ENTRY--PERSONAL NAME
Personal name ابراهيم، غسان محمود
Relator term مؤلف
245 #0 - TITLE STATEMENT
Title الاقتصاد الاسلامي علم ام وهم؟ /
Statement of responsibility, etc. غسان محمود ابراهيم
260 ## - PUBLICATION, DISTRIBUTION, ETC.
Place of publication, distribution, etc. بيروت:
Name of publisher, distributor, etc. دار الفكر المعاصر,
Date of publication, distribution, etc. 2000
300 ## - PHYSICAL DESCRIPTION
Extent 248 صفحة؛
Other physical details غلاف ملون
Dimensions 20 سم
490 ## - SERIES STATEMENT
Series statement حوارات لقرن جديد
520 ## - SUMMARY, ETC.
Summary, etc. القسم الأول : الاقتصاد الإسلامي بين الشك واليقين / غسان محمود إبراهيم : مقارنة منهجية : 1. الاقتصاد السياسي للاقتصاد الإسلامي : 2. الصوت والصدى : تاريخ وأسطورة : 3. فيض الاقتصاد الإسلامي بين الدين والسياسة : خاتمة-القسم الثاني : الاقتصاد الإسلامي علما ونظاما / منذر القحف : مقدمة : الفصل الأول : الدين والاقتصاد : 1. مجال الدين مجال علم الاقتصاد : الفصل الثاني : نماذج عن النظريات الاقتصادية الإسلامية : المبادئ الإسلامية للسلوك الاقتصادي : الفصل الثالث : نظرية التمويل الإسلامي والمصرفية الإسلامية : مقدمة-القسم الثالث : التعقيبات : تعقيب د. غسان إبراهيم على بحث د. منذر القحف : تعقيب د. منذر القحف على بحث د. غسان إبراهيم.
653 ## - INDEX TERM--UNCONTROLLED
Uncontrolled term اقتصاد اسلامي
700 ## - ADDED ENTRY--PERSONAL NAME
Personal name القحف، أ. منذر
Relator term مؤلف ثانوي
942 ## - ADDED ENTRY ELEMENTS (KOHA)
Koha item type كتب
المقتنيات
Withdrawn status Lost status Source of classification or shelving scheme Damaged status Not for loan Home library Current library Date acquired Serial enumeration / chronology Inventory number Total checkouts Full call number Barcode Date last seen Price effective from Koha item type
    Dewey Decimal Classification   NOT LOAN / إعارة داخلية مكتبة كلية العلوم الإقتصادية والعلوم التجارية وعلوم التسيير مكتبة كلية العلوم الإقتصادية والعلوم التجارية وعلوم التسيير 07/05/2026 الطابق الأرضي 1497/1   أ/1497ن1 1497/1 07/05/2026 07/05/2026 كتب

موارد الويب المفتوحة


© University of Algiers 3 All Rights Reserved
|
Implemented by LECHELAH Riad